000 00499nam a2200181Ia 4500
005 20250508160416.0
008 008 250505s9999 xx 000 0 eng d
037 _aTextual
040 _aFEDL
_beng
_cFEDL
041 _aeng
_2eng
084 _a574, SPR
_qFEDL
100 _aSpratt Nelson T
_9768424
245 0 _aIntroduction to cell diferentiation
260 _aLondon, UK
_bChapman and Hall Ltd.
_c1964
300 _a115p
942 _cTEXL
_h574, SPR
999 _c1364439
_d1364439